| 000 | 00335 a2200133 4500 | ||
|---|---|---|---|
| 082 | _a297.09048 IKR | ||
| 090 |
_c6219 _d6219 |
||
| 100 | _aAzam, Ikram | ||
| 245 |
_aIslam and the Future _cIkram Azam _nEnglish |
||
| 260 |
_aIslamabad _bABC Enterprises _c2003 |
||
| 300 | _a393 | ||
| 500 | _apapercover | ||
| 942 |
_aNBS _cBK _k297.09048 IKR |
||
| 999 |
_c348591 _d348591 |
||